Normal view
MARC view
Entry Topical Term
001 - CONTROL NUMBER
- control field: 9192
003 - CONTROL NUMBER IDENTIFIER
- control field: ARRUPE
005 - DATE AND TIME OF LATEST TRANSACTION
- control field: 20140320114216.0
008 - FIXED-LENGTH DATA ELEMENTS
- fixed length control field: 140320|| aca||aabn | a|a d
040 ## - CATALOGING SOURCE
- Original cataloging agency: ARRUPE
- Transcribing agency: ARRUPE
150 ## - HEADING--TOPICAL TERM
- Topical term or geographic name as entry element: Missions
- Geographic subdivision: Africa, Central.
670 ## - SOURCE DATA FOUND
- Source citation: Work cat.: (ARRUPE)0: Anderson-Morshead, A. E. M. 9189, The history of the Universities' Mission to Central Africa, 1859-1909., 1909.